000 00453nam a2200193Ia 4500
005 20240823012232.0
008 240823s9999||||xx |||||||||||||| ||und||
020 _a0-256-06781-3
041 _aENGLISH
082 _A657 M9
100 _a"Larson,Kermit D"
245 0 _aFinancial Accounting
250 _a4th
260 _c1989
_b"IRWIN,B"
500 _aTRANSFERED
650 _aAccountancy
_bManagement Studies
942 _cBK
999 _c163829
_d163829